Vida de Gonzálo de Córdoba ( El Gran Capitán ) / (Record no. 108727)

MARC details
000 -LEADER
campo de control de longitud fija 00633nam a2200205 4500
001 - NÚMERO DE CONTROL
campo de control 108727
003 - IDENTIFICADOR DE NÚMERO DE CONTROL
campo de control ES-MaACL
005 - FECHA Y HORA DE LA ÚLTIMA TRANSACCIÓN
campo de control 20250702063055.0
007 - CAMPO FIJO DE DESCRIPCIÓN FÍSICA--INFORMACIÓN GENERAL
campo de control de longitud fija t|
008 - DATOS DE LONGITUD FIJA--INFORMACIÓN GENERAL
campo de control de longitud fija 061121s1943 sp r ||||1| spa d
100 0# - ENTRADA PRINCIPAL--NOMBRE DE PERSONA
Nombre de persona Montoliu, Manuel de,
Fechas asociadas al nombre 1877-1961
9 (RLIN) 82679
245 10 - MENCIÓN DEL TÍTULO
Título Vida de Gonzálo de Córdoba ( El Gran Capitán ) /
Mención de responsabilidad, etc. por Manuel de Montoliu.
250 ## - MENCION DE EDICION
Mención de edición 6.ª ed.
260 ## - PUBLICACIÓN, DISTRIBUCIÓN, ETC.
Lugar de publicación, distribución, etc. Barcelona :
Nombre del editor, distribuidor, etc. Seix Barral,
Fecha de publicación, distribución, etc. 1943.
300 ## - DESCRIPCIÓN FÍSICA
Extensión 114 p. 9 lám ;
Dimensiones 19 cm.
490 1# - MENCIÓN DE SERIE
Mención de serie Vidas de grandes hombres
830 0# - PUNTO DE ACCESO ADICIONAL DE SERIE-TÍTULO UNIFORME
Título uniforme Vidas de grandes hombres
9 (RLIN) 183755
852 ## - LOCALIZACIÓN
Ubicación ES-MaACL
Número de control de estantería C-7914
Sublocalización o colección R.34847
Holdings
Estatus retirado Estado de pérdida Estado de daño No para préstamo Biblioteca de origen Biblioteca actual Ubicación en estantería Fecha de adquisición Fuente de adquisición Total de préstamos Signatura topográfica completa Código de barras Visto por última vez Precio de reemplazo Tipo de ítem Koha
        Biblioteca del Ateneo de Madrid Biblioteca del Ateneo de Madrid Sala Palomar 17/01/2008     C-7914 1113452 23/02/2023 23/02/2023 Libro impreso